Discursos leídos en la Real Academia de Buenas letras de Barcelona en la recepción... de D. Ramón Domingo Perés..., [contestación de D. Federico Rahola y Tremols]. (Record no. 117954)

MARC details
000 -LEADER
campo de control de longitud fija 00814nam a2200205 i 4500
001 - NÚMERO DE CONTROL
campo de control 117954
003 - IDENTIFICADOR DE NÚMERO DE CONTROL
campo de control ES-MaACL
005 - FECHA Y HORA DE LA ÚLTIMA TRANSACCIÓN
campo de control 20250905150207.0
007 - CAMPO FIJO DE DESCRIPCIÓN FÍSICA--INFORMACIÓN GENERAL
campo de control de longitud fija t|
008 - DATOS DE LONGITUD FIJA--INFORMACIÓN GENERAL
campo de control de longitud fija 070214s1913 sp r ||||1| spa d
100 1# - ENTRADA PRINCIPAL--NOMBRE DE PERSONA
Nombre de persona Perés, Ramón D.,
Fechas asociadas al nombre 1863-1956
9 (RLIN) 90527
245 10 - MENCIÓN DEL TÍTULO
Título Discursos leídos en la Real Academia de Buenas letras de Barcelona en la recepción... de D. Ramón Domingo Perés..., [contestación de D. Federico Rahola y Tremols].
260 ## - PUBLICACIÓN, DISTRIBUCIÓN, ETC.
Lugar de publicación, distribución, etc. Barcelona :
Nombre del editor, distribuidor, etc. [s.n.],
Fecha de publicación, distribución, etc. 1913 (
Fabricante Imp. de la Casa Provincial de Caridad)
300 ## - DESCRIPCIÓN FÍSICA
Extensión 29 p. ;
Dimensiones 23 cm.
500 ## - NOTA GENERAL
Nota general Tema: Verdaguer y la evolución poética catalana.
600 14 - PUNTO DE ACCESO ADICIONAL DE MATERIA--NOMBRE DE PERSONA
Nombre de persona Verdaguer, Jacint,
Fechas asociadas al nombre 1845-1902
9 (RLIN) 113998
700 1# - ENTRADA AGREGADA--NOMBRE PERSONAL
Nombre de persona Rahola y Trémols, Federico,
Fechas asociadas al nombre 1858-1919
9 (RLIN) 95016
852 ## - LOCALIZACIÓN
Ubicación ES-MaACL
Número de control de estantería T-1322-F-9
Holdings
Estatus retirado Estado de pérdida Estado de daño No para préstamo Colección Biblioteca de origen Biblioteca actual Ubicación en estantería Fecha de adquisición Fuente de adquisición Total de préstamos Signatura topográfica completa Código de barras Visto por última vez Precio de reemplazo Tipo de ítem Koha
        Colección de folletos Biblioteca del Ateneo de Madrid Biblioteca del Ateneo de Madrid Depósito folletos 17/01/2008     T-1322-F-9 1122969 23/02/2023 23/02/2023 Folleto